|
|
|
|
| LEADER |
00000cam a2200000 a 4500 |
| 001 |
vtls011706729 |
| 003 |
SK-MaSNL |
| 005 |
20260301094334.0 |
| 008 |
240314s2017 xo g n 000 0 slo |
| 015 |
|
|
|a SNBA2017/09
|
| 020 |
|
|
|a 9788081686788
|q (viaz.)
|
| 035 |
|
|
|a urn:nbn:sk:snk-am00czul
|
| 035 |
|
|
|a urn:nbn:sk:snk-am3hguf
|
| 035 |
|
|
|a F4BC6728-2C18-4439-8149-6645FA1F8963
|
| 040 |
|
|
|a SNK
|b slo
|c SNK
|e AACR2
|
| 041 |
0 |
|
|a slo
|
| 044 |
|
|
|a xo
|c SK
|
| 072 |
|
7 |
|a 316.3
|x Globálne spoločnosti. Sociálna štruktúra. Sociálne skupiny
|2 konspekt
|
| 080 |
|
|
|a 316.7+008
|2 2011
|
| 080 |
|
|
|a 316.32
|2 2011
|
| 080 |
|
|
|a 316.42
|2 2011
|
| 080 |
|
|
|a 316.423
|2 2011
|
| 080 |
|
|
|a 316.422.6
|2 2011
|
| 080 |
|
|
|a 62:001.892
|2 2011
|
| 080 |
|
|
|a 330.101.54
|2 2011
|
| 080 |
|
|
|a (048.8)
|2 2011
|
| 080 |
|
|
|a 502.131.1:33
|2 2011
|
| 100 |
1 |
|
|a Staněk, Peter,
|d 1948-
|4 aut
|9 86360
|
| 245 |
1 |
0 |
|a Spoločnosť 5.0
|b ekonomika budúcnosti?
|c Peter Staněk, Pavlína Ivanová
|
| 246 |
1 |
8 |
|a Spoločnosť 5.0 / ekonomika budúcnosti?
|
| 246 |
3 |
0 |
|a Ekonomika budúcnosti?
|
| 250 |
|
|
|a 1. vyd.
|
| 260 |
|
|
|a Bratislava
|b Wolters Kluwer
|c 2017
|
| 300 |
|
|
|a 172 s.
|c 22 cm
|
| 490 |
1 |
|
|a Ekonómia
|v 670.
|
| 504 |
|
|
|a Bibliogr.: s. 171
|
| 650 |
0 |
7 |
|a civilizácia
|2 SNKPH
|9 887
|
| 650 |
0 |
7 |
|a globálna spoločnosť
|2 SNKPH
|9 69465
|
| 650 |
0 |
7 |
|a globálne zmeny
|2 SNKPH
|9 68310
|
| 650 |
0 |
7 |
|a globálne problémy
|2 SNKPH
|9 3927
|
| 650 |
0 |
7 |
|a kríza (spoločnosť)
|2 SNKPH
|9 306628
|
| 650 |
0 |
7 |
|a technologický rozvoj
|2 SNKPH
|9 3988
|
| 650 |
0 |
7 |
|a informatizácia
|2 SNKPH
|9 18583
|
| 650 |
0 |
7 |
|a makroekonomika
|2 SNKPH
|9 13924
|
| 650 |
0 |
7 |
|a udržateľný rozvoj
|2 SNKPH
|9 236336
|
| 650 |
0 |
7 |
|a Civilization
|2 SNKPHeng
|9 302583
|
| 650 |
0 |
7 |
|a Global society
|2 SNKPHeng
|9 326949
|
| 650 |
0 |
7 |
|a Global changes
|2 SNKPHeng
|9 316751
|
| 650 |
0 |
7 |
|a Global problems
|2 SNKPHeng
|9 319635
|
| 650 |
0 |
7 |
|a Social crisis
|2 SNKPHeng
|9 339730
|
| 650 |
0 |
7 |
|a Technological innovations
|2 SNKPHeng
|9 266518
|
| 650 |
0 |
7 |
|a Macroeconomics
|2 SNKPHeng
|9 311660
|
| 650 |
0 |
7 |
|a Sustainable development
|2 SNKPHeng
|9 265066
|
| 655 |
|
7 |
|a monografie
|2 SNKPH
|9 70139
|
| 655 |
|
7 |
|a Monographs
|2 SNKPHeng
|9 120675
|
| 700 |
1 |
|
|a Ivanová, Pavlína
|c (ekonómka)
|4 aut
|9 113033
|
| 830 |
|
0 |
|a Ekonómia
|9 290125
|
| 919 |
|
|
|a 978-80-8168-678-8
|
| 958 |
|
|
|a NB
|
| 999 |
|
|
|c 679986
|d 681916
|
| 952 |
|
|
|a SNK
|b SNK
|y PREZ
|7 0
|p 17A1270990
|o snkSC 175995
|i snk2017/19156
|8 0
|0 0
|1 0
|4 0
|d 2017-09-04
|f 1
|l 0
|r 2025-09-17 00:00:00
|w 2026-02-23
|
| 952 |
|
|
|a SNK
|b SNK
|y VYP
|7 0
|p 17A1270991
|o snkSC 175995 D1
|i snk2017/19157
|8 0
|0 0
|1 0
|4 0
|d 2017-09-04
|l 0
|r 2026-02-23 19:54:05
|w 2026-02-23
|